000 02182cam a2200517Ia 4500
001 sjds1114863
003 sjds
005 20180606200150.0
008 930726t19931993nyua j 000 1 spa d
020 _a1880507056 :
_c$13.95
020 _a9781880507056
020 _a1880507056 ;
_c15.95
020 _a9781880507056
020 _a1880507056 ;
_c15.95
020 _a9781880507056
035 _a153799
035 _a(OCoLC)28514493
035 _a153799
040 _aZQP
_cZQP
_dOHI
_dCUS
_dOCL
_dXY4
_dOCLCQ
_dBAKER
_dBTCTA
_dUtOrBLW
041 1 _aspa
_heng
049 _aIFAA
099 _aESPANOL PICTURE BOOKS SEUSS 1993
100 1 _aSeuss,
_cDr,
_eauthor.
240 1 0 _aOh, the places you'll go!
_lSpanish
245 1 0 _aOh, cuán lejos llegarás! /
_cDr. Seuss ; traducido por Aída E. Marcuse.
260 _aNew York :
_bLectorum Publications,
_cc1993
264 1 _aNew York :
_bLectorum Publications,
_c[1993]
264 4 _cc1993
300 _a1 volume (unpaged) :
_bcolor illustrations ;
_c29 cm
336 _atext
_btxt
_2rdacontent
337 _aunmediated
_bn
_2rdamedia
338 _avolume
_bnc
_2rdacarrier
500 _a"Originally published in English under the title Oh, the places you'll go!"--T.p. verso.
520 _aAdvice in rhyme for proceeding in life; weathering fear, loneliness, and confusion; and being in charge of your actions. In this joyous ode to life, Dr. Seuss addresses graduates of all ages- from nursery school to medical school- and gives them the get-up-and-go to move mountains with the unrivaled exuberance and charm that have made Dr. Seuss books favorites for years.
526 0 _aAccelerated Reader
_bLG
_c3.3
_d0.5
_z9039SP
650 0 _aSuccess
_vJuvenile fiction.
650 0 _aNonsense verses
_vJuvenile literature.
650 0 _aSpanish language
_xRhyme
_vJuvenile fiction.
650 0 _aSpanish language
_vReaders
_vJuvenile fiction.
650 7 _aÉxito
_vNovela juvenil.
_2bidex
650 7 _aVersos disparatados
_vLiteratura juvenil.
_2bidex
650 7 _aEspañol
_xRima
_vNovela juvenil.
_2bidex
650 7 _aLibros de lectura
_vLiteratura juvenil.
_2bidex
700 1 _aMarcuse, Aída E.
942 _cBK
_2ddc
999 _c17475
_d17475